Statistics for Imagine Dragons - Tiptoe lyrics

Click here to take the quiz!

General Stats

  • This quiz has been taken 5 times
  • The average score is 109 of 172

Answer Stats

Lyrics% Correct
can
100%
higher
100%
know
100%
me
100%
take
100%
the
100%
tiptoe
100%
a
80%
comin'
80%
don't
80%
else
80%
I
80%
let
80%
like
80%
nobody
80%
so
80%
they
80%
we're
80%
your
80%
above
60%
come
60%
dove
60%
down
60%
'em
60%
head
60%
hey
60%
In
60%
low
60%
never
60%
run
60%
them
60%
time
60%
to
60%
vicious
60%
watch
60%
who
60%
yeah
60%
blame
40%
fall
40%
flight
40%
fly
40%
had
40%
into
40%
light
40%
morning
40%
my
40%
roots
40%
see
40%
simmer
40%
some
40%
water
40%
why
40%
asleep
20%
boil
20%
but
20%
catch
20%
dew
20%
eye
20%
from
20%
I've
20%
keep
20%
lie
20%
look
20%
seem
20%
sink
20%
slanted
20%
soil
20%
view
20%
wondered
20%
won't
20%

Score Distribution

Percentile by Number Answered

Percent of People with Each Score

Your Score History

You have not taken this quiz